000 01156nmm a2200337 a 4500
001 ocm0002016035
003 TR-IsHL
005 20201028181511.0
008 190103s2018 tu tur
007 cr cn
020 _a9786059801812
035 _a2016035
_b(N$T)
050 0 4 _aBP63.T8
_bT34 2018
090 0 4 _aBP63.T8
_bT34 2018
100 1 _aTatar, Hüsniye Canbay
245 1 0 _aPostnişin mücadelesi: değişen dünyada din
_h[electronic resource] /
_cHüsniye Canbay Tatar ; editör Fatma Gedikoğlu Üstün
260 _aİstanbul :
_bPhoenix Yayınevi,
_c2018
300 _a184 p.
500 _aKaynakça var.
650 4 _aFelsefe, Psikoloji ve Din
650 4 _aPhilosophy, Psychology and Religion
650 0 _aİslam - Türkiye
650 0 _aIslam
_x Turkey
650 0 _aTürkiye - Din
650 0 _aTurkey
_x Religion
650 0 _aTürkiye - Sosyal koşullar
650 0 _aTurkey
_xSocial conditions
650 7 _aRELIGION / Islam / Rituals & Practice
_2bisacsh
700 1 _aÜstün, Fatma Gedikoğlu
856 4 0 _uhttp://search.ebscohost.com/login.aspx?direct=true&scope=site&db=e011xww&AN=2016035
999 _c19628
_d19628